000 00580pam a2200229 i 4500
001 4172659
005 20180306032311.0
008 790924s1980 njua b 001 0 eng
010 _a 79022303
020 _a0133949818 :
_c$13.95
040 _aDLC
_cDLC
_dDLC
041 _aeng
043 _an-us---
080 _a301.54/0973 car
082 0 0 _a301.540973 car
100 1 _a43
101 _abde
245 1 0 _aHousing /
_cCarol B. Meeks.
504 _aIncludes bibliographies and indexes.
906 _a7
_bcbc
_corignew
_d1
_eocip
_f19
_gy-gencatlg
942 _2ddc
_cBK
999 _c44116
_d44116